Asymmetric warfare in South Asia : (Record no. 16195)
[ view plain ]
| 000 -LEADER | |
|---|---|
| fixed length control field | 02518cam a2200337 a 4500 |
| 001 - CONTROL NUMBER | |
| control field | 16194990 |
| 005 - DATE AND TIME OF LATEST TRANSACTION | |
| control field | 20170105102934.0 |
| 008 - FIXED-LENGTH DATA ELEMENTS--GENERAL INFORMATION | |
| fixed length control field | 100420s2009 enkb 001 0 eng d |
| 010 ## - LIBRARY OF CONGRESS CONTROL NUMBER | |
| LC control number | 2010292658 |
| 020 ## - INTERNATIONAL STANDARD BOOK NUMBER | |
| International Standard Book Number | 9780521767217 (hardback) |
| 020 ## - INTERNATIONAL STANDARD BOOK NUMBER | |
| International Standard Book Number | 0521767210 |
| 035 ## - SYSTEM CONTROL NUMBER | |
| System control number | (OCoLC)ocn311769437 |
| 040 ## - CATALOGING SOURCE | |
| Original cataloging agency | BTCTA |
| Transcribing agency | BTCTA |
| Modifying agency | YDXCP |
| -- | BWK |
| -- | CUD |
| -- | BWX |
| -- | SUC |
| -- | FDA |
| -- | VPI |
| -- | DLC |
| 042 ## - AUTHENTICATION CODE | |
| Authentication code | lccopycat |
| 043 ## - GEOGRAPHIC AREA CODE | |
| Geographic area code | a-pk--- |
| -- | a-ii--- |
| 050 00 - LIBRARY OF CONGRESS CALL NUMBER | |
| Classification number | DS485.K1943 |
| Item number | A89 2009 |
| 082 ## - DEWEY DECIMAL CLASSIFICATION NUMBER | |
| Classification number | 959 |
| Author Mark | ASY 2009 |
| 245 00 - TITLE STATEMENT | |
| Title | Asymmetric warfare in South Asia : |
| Remainder of title | the causes and consequences of the Kargil Conflict / |
| Statement of responsibility, etc. | edited by Peter R. Lavoy. |
| 260 ## - PUBLICATION, DISTRIBUTION, ETC. | |
| Place of publication, distribution, etc. | Cambridge ; |
| -- | New York : |
| Name of publisher, distributor, etc. | Cambridge University Press, |
| Date of publication, distribution, etc. | 2009. |
| 300 ## - PHYSICAL DESCRIPTION | |
| Extent | xvii, 407 p. : |
| Other physical details | maps ; |
| Dimensions | 24 cm. |
| 500 ## - GENERAL NOTE | |
| General note | Includes index. |
| 505 0# - FORMATTED CONTENTS NOTE | |
| Formatted contents note | Part 1, Causes and conduct of the conflict. The strategic context of the Kargil conflict : a Pakistani perspective / Zafar Iqbal Cheema ; Pakistan's motivations and calculations for the Kargil conflict / Feroz Hassan Khan, Peter R. Lavoy, and Christopher Clary ; Military operations in the Kargil conflict / John H. Gill ; American diplomacy and the 1999 Kargil Summit at Blair House / Bruce Riedel ; Kargil : the nuclear dimension / Timothy D. Hoyt ; Why Kargil did not produce general war : the crisis-management strategies of Pakistan, India, and the United States / Peter R. Lavoy -- Part 2, Consequences and impact of the conflict. Surprise at the top of the world : India's systemic and intelligence failure / James J. Wirtz and Surinder Rana ; Militants in the Kargil conflict : myths, realities, and impacts / C. Christine Fair ; The impact of the Kargil conflict and Kashmir on Indian politics and society / Praveen Swami ; The Kargil conflict's impact on Pakistani politics and society / Saeed Shafqat -- Part 3, Lessons learned. The lessons of Kargil as learned by India / Rajesh M. Basrur ; The lessons of Kargil as learned by Pakistan / Hasan-Askari Rizvi ; The Kargil crisis : lessons learned by the United States / Rodney W. Jones and Joseph McMillan ; Kargil, deterrence, and international relations theory / Robert Jervis. |
| 650 #0 - SUBJECT ADDED ENTRY--TOPICAL TERM | |
| Topical term or geographic name entry element | Kargil War, 1999. |
| 651 #0 - SUBJECT ADDED ENTRY--GEOGRAPHIC NAME | |
| Geographic name | Kargil (India) |
| General subdivision | History, Military. |
| 651 #0 - SUBJECT ADDED ENTRY--GEOGRAPHIC NAME | |
| Geographic name | India |
| General subdivision | Foreign relations |
| Geographic subdivision | Pakistan. |
| 651 #0 - SUBJECT ADDED ENTRY--GEOGRAPHIC NAME | |
| Geographic name | Pakistan |
| General subdivision | Foreign relations |
| Geographic subdivision | India. |
| 700 1# - ADDED ENTRY--PERSONAL NAME | |
| Personal name | Lavoy, Peter R. |
| Fuller form of name | (Peter René), |
| Dates associated with a name | 1961- |
| 906 ## - LOCAL DATA ELEMENT F, LDF (RLIN) | |
| a | 7 |
| b | cbc |
| c | copycat |
| d | 2 |
| e | ncip |
| f | 20 |
| g | y-gencatlg |
| 942 ## - ADDED ENTRY ELEMENTS (KOHA) | |
| Source of classification or shelving scheme | |
| Koha item type | Book |
| Withdrawn status | Lost status | Damaged status | Not for loan | Collection code | Permanent Location | Current Location | Shelving location | Date acquired | Total Checkouts | Full call number | Barcode | Date last seen | Price effective from | Koha item type |
|---|---|---|---|---|---|---|---|---|---|---|---|---|---|---|
| Centre for International Peace & Stability (CIPS) | Centre for International Peace & Stability (CIPS) | General Stacks | 08/20/2015 | 959 ASY 2009 | CIPS0002636 | 08/20/2015 | 08/20/2015 | Book |
